| 000 | 00467nam a22001817a 4500 | ||
|---|---|---|---|
| 999 |
_c3931 _d3888 |
||
| 008 | 191016b ||||| |||| 00| p eng d | ||
| 020 | _a9789759961534 | ||
| 041 | _atur | ||
| 050 | _aPL248.T464 | ||
| 100 |
_9420 _aTenekeci, İbrahim |
||
| 245 | _aPeltek Vaiz | ||
| 250 | _a5.Baskı | ||
| 260 |
_aİstanbul: _bProfil Yayıncılık, _cNisan 2011 |
||
| 300 | _a48 Sayfa | ||
| 500 | _aProfil ; 105 Şiir ; 03 | ||
| 650 | 0 |
_9145 _aTürk Edebiyatı |
|
| 942 |
_2lcc _cBK |
||